| 000 | 00529nam a2200169Ia 4500 | ||
|---|---|---|---|
| 003 | SGT | ||
| 020 | _a9788189757489 | ||
| 082 |
_a6.7 _bPAN |
||
| 100 | _aPandey,Sujata | ||
| 245 | _aMultimedia system technology & communication | ||
| 260 |
_bS.K. Kataria & SONS _aN.Delhi _c2012 |
||
| 300 | _a323p. | ||
| 650 | _aCOMPUTER SCIENCE | ||
| 653 | _aMULTIMEDIA AND THE INTERNET, MULTIMEDIA BUILDING BLOCKS,DATA COMPRESSION SPEECH COMPRESSION SYNTHESIS ANA IMAGES, COMMUNICATION PROTOCOLS | ||
| 700 | _aPandey,Sujata | ||
| 942 |
_2ddc _cBK |
||
| 999 |
_c5460 _d5460 |
||